| 000 | 00362nam a22001577a 4500 | ||
|---|---|---|---|
| 999 |
_c7686 _d7686 |
||
| 003 | GBCCL | ||
| 005 | 20241126110633.0 | ||
| 008 | 180911b ||||| |||| 00| 0 eng d | ||
| 040 | _cgbc | ||
| 082 |
_aVER 920 _bKHA |
||
| 100 |
_aKhawli _913529 |
||
| 245 | _aSansuokna mak | ||
| 260 |
_aLamka: _bLamka ICI numeipawl, _c1985. |
||
| 300 | _a91p. ; | ||
| 942 |
_2ddc _cBK |
||